000 00455nam a2200193Ia 4500
005 20240930061930.0
008 240331s9999 xx 000 0 und d
020 _a0706957601
082 _bPRI
_a808
100 _aPritam, A
245 2 _aA slice of life :
_bselected works
250 _a2nd
260 _aNew Delhi
_bVikas Publishing House
_c1991
300 _a282 p .,
650 _aPoems
650 _aprose
650 _aphilosophy
942 _cL
999 _c3122
_d3122